| 000 | 00797cab a2200241 4500 | ||
|---|---|---|---|
| 001 | ABS47738 | ||
| 008 | 090401t1992 xxu||||| |||| 00| 0 eng d | ||
| 035 | _a(Sirsi) u63296 | ||
| 041 | _aeng | ||
| 100 | _aHarrison, J. | ||
| 245 | _aWhat comes after ten? | ||
| 260 | _c1992 | ||
| 350 | _a0 | ||
| 490 |
_aThe Planner _v78(22) 11 December 1992, 13(1) |
||
| 520 | _aUnder the provisions of the Planning and Compensation Act 1991 landowners now have only to go back ten years to prove established use. This change may cause planners problems related to intensification. | ||
| 650 | _aESTABLISHED USE | ||
| 650 | _aINTENSIFICATION | ||
| 650 | _aPLANNING AND COMPENSATION ACT 1991 | ||
| 650 | _aTEN YEAR RULE | ||
| 690 | _aPLANNING LAW AND PRACTICE | ||
| 942 | _n0 | ||
| 948 | _c04/03/1997 | ||
| 999 |
_c39359 _d39359 |
||